Watch for Rolling Rocks - 0.5x A Presses - Statistics

General Stats
  • This quiz has been taken 3 times
  • The average score is 31 of 102
Answer Stats
Answer % Correct
to
100%
A
50%
a
50%
an
50%
be
50%
because
50%
But
50%
do
50%
explaining
50%
five
50%
for
50%
get
50%
half
50%
I
50%
If
50%
In
50%
in
50%
is
50%
it
50%
means
50%
point
50%
press
50%
presses
50%
rocks
50%
rolling
50%
this
50%
up
50%
video
50%
watch
50%
what
50%
will
50%
with
50%
you
50%
zero
50%
always
0%
and
0%
are
0%
ask
0%
asking
0%
before
0%
clear
0%
collect
0%
commenting
0%
comments
0%
description
0%
even
0%
every
0%
exactly
0%
example
0%
first
0%
guys
0%
have
0%
maybe
0%
Maybe
0%
need
0%
not
0%
over
0%
paragraph
0%
post
0%
read
0%
same
0%
something
0%
starts
0%
the
0%
though
0%
time
0%
we
0%
which
0%
whole
0%
wondering
0%
No matching quizzes found
Score Distribution
Percent of People with Each Score
Percentile by Number Answered
Your Score History
You have not taken this quiz